000 00290nam a22001337a 4500
008 170330b xxu||||| |||| 00| 0 eng d
020 _a9780801666919
041 _aeng
080 _a616-053.2
100 _a8
101 _aSHM
245 _aPEDIATRIC ASSESSMENT
_cENGEL.J
942 _2udc
_cBK
999 _c9067
_d9067